<?xml version="1.0" encoding="UTF-8"?>
<record
    xmlns:xsi="http://www.w3.org/2001/XMLSchema-instance"
    xsi:schemaLocation="http://www.loc.gov/MARC21/slim http://www.loc.gov/standards/marcxml/schema/MARC21slim.xsd"
    xmlns="http://www.loc.gov/MARC21/slim">

  <leader>00451nam a22001937a 4500</leader>
  <controlfield tag="003">0</controlfield>
  <controlfield tag="005">20260412174940.0</controlfield>
  <datafield tag="020" ind1=" " ind2=" ">
    <subfield code="a">9789384012267</subfield>
  </datafield>
  <datafield tag="082" ind1=" " ind2=" ">
    <subfield code="a">CS 891.431 KHA</subfield>
  </datafield>
  <datafield tag="100" ind1=" " ind2=" ">
    <subfield code="a">Khandelwal, Dheera</subfield>
    <subfield code="9">10919</subfield>
  </datafield>
  <datafield tag="100" ind1=" " ind2=" ">
    <subfield code="c">IAS</subfield>
    <subfield code="9">18744</subfield>
  </datafield>
  <datafield tag="100" ind1=" " ind2=" ">
    <subfield code="d">1986</subfield>
    <subfield code="9">18841</subfield>
  </datafield>
  <datafield tag="245" ind1=" " ind2=" ">
    <subfield code="a">Nirjhar neer</subfield>
  </datafield>
  <datafield tag="260" ind1=" " ind2=" ">
    <subfield code="a">Kolkata</subfield>
    <subfield code="b">Pratishruti Prakashan</subfield>
    <subfield code="c">2021</subfield>
  </datafield>
  <datafield tag="300" ind1=" " ind2=" ">
    <subfield code="a">112</subfield>
  </datafield>
  <datafield tag="600" ind1=" " ind2=" ">
    <subfield code="c">Civil Services</subfield>
    <subfield code="9">18850</subfield>
  </datafield>
  <datafield tag="650" ind1=" " ind2=" ">
    <subfield code="a">Hind Poems</subfield>
    <subfield code="9">18851</subfield>
  </datafield>
  <datafield tag="942" ind1=" " ind2=" ">
    <subfield code="c">DB</subfield>
  </datafield>
  <datafield tag="952" ind1=" " ind2=" ">
    <subfield code="0">0</subfield>
    <subfield code="1">0</subfield>
    <subfield code="4">0</subfield>
    <subfield code="7">0</subfield>
    <subfield code="a">LBSNAA</subfield>
    <subfield code="b">LBSNAA</subfield>
    <subfield code="d">2026-04-12</subfield>
    <subfield code="g">200.00</subfield>
    <subfield code="l">0</subfield>
    <subfield code="o">CS 891.431 KHA</subfield>
    <subfield code="p">173437</subfield>
    <subfield code="r">2026-04-12</subfield>
    <subfield code="w">2026-04-12</subfield>
    <subfield code="y">DB</subfield>
    <subfield code="0"></subfield>
    <subfield code="x"></subfield>
    <subfield code="2"></subfield>
  </datafield>
  <datafield tag="952" ind1=" " ind2=" ">
    <subfield code="0">0</subfield>
    <subfield code="1">0</subfield>
    <subfield code="4">0</subfield>
    <subfield code="7">0</subfield>
    <subfield code="a">LBSNAA</subfield>
    <subfield code="b">LBSNAA</subfield>
    <subfield code="d">2026-04-12</subfield>
    <subfield code="g">200.00</subfield>
    <subfield code="l">0</subfield>
    <subfield code="o">CS 891.431 KHA</subfield>
    <subfield code="p">173438</subfield>
    <subfield code="r">2026-04-12</subfield>
    <subfield code="w">2026-04-12</subfield>
    <subfield code="y">DB</subfield>
    <subfield code="0"></subfield>
    <subfield code="x"></subfield>
    <subfield code="2"></subfield>
  </datafield>
  <datafield tag="999" ind1=" " ind2=" ">
    <subfield code="c">360744</subfield>
    <subfield code="d">360744</subfield>
  </datafield>
</record>
